General Studies Series Part 7: (Record no. 192247)

MARC details
000 -LEADER
fixed length control field 00677nam a22001817a 4500
005 - DATE AND TIME OF LATEST TRANSACTION
control field 20220919114327.0
010 ## - LCCN (DPL NO)
LC control number B-745524
020 ## - INTERNATIONAL STANDARD BOOK NUMBER
International Standard Book Number 9789389176032
Terms of availability 295.00
035 ## - SYSTEM CONTROL NUMBER
System control number B-745524
037 ## - SOURCE OF ACQUISITION
Source of stock number/acquisition OakBridge
245 ## - TITLE STATEMENT
Title General Studies Series Part 7:
Remainder of title Environment and Ecology For Civil Services (Preliminary) Examination/
260 ## - PUBLICATION, DISTRIBUTION, ETC. (IMPRINT)
Place of publication, distribution, etc Haryana
Name of publisher, distributor, etc OakBridge Publishing
Date of publication, distribution, etc 2019
270 ## - ADDRESS
Address M 35, 1st Floor, Old DLF, Gurugram,
City Haryana
Postal code 122001
Telephone number 91 1244305970
Electronic mail address info@oakbridge.in
300 ## - PHYSICAL DESCRIPTION
Extent 228p
Dimensions 24cm.(pbk)
505 ## - FORMATTED CONTENTS NOTE
Formatted contents note
942 ## - ADDED ENTRY ELEMENTS (KOHA)
Source of classification or shelving scheme Dewey Decimal Classification
Item type English Books
Classification part 574.5
Call number suffix GEN
Holdings
Withdrawn status Lost status Not for loan Collection code Home library Current library Date acquired Source of acquisition Cost, normal purchase price Full call number Barcode Copy number Cost, replacement price Koha item type Public note
Written off     Non-fiction Kadipur Kadipur 19/09/2022 5.9.22/Gift 295.00 574.5 GEN B-745524 1 295.00 English Books Gift

© Delhi Public Library
Hit Counter
free hit counter